Thử nghiệm về dân tộc - Vũ đạo học /
Na minha lista:
| Autor principal: | |
|---|---|
| Formato: | Atigo |
| Idioma: | Vietnamese |
| Assuntos: | |
| Tags: |
Adicionar Tag
Sem tags, seja o primeiro a adicionar uma tag!
|
| Thư viện lưu trữ: | Thư viện Trường Đại học Đà Lạt |
|---|
| LEADER | 00769nam a2200265 4500 | ||
|---|---|---|---|
| 001 | DLU100109706 | ||
| 005 | ##20100714 | ||
| 040 | # | # | |a DLU |b vie |
| 041 | # | # | |a vie |
| 044 | # | # | |a vn |
| 100 | # | # | |a Lâm Tô Lộc, |c GS.TSKH. |
| 245 | # | # | |a Thử nghiệm về dân tộc - Vũ đạo học / |c Lâm Tô Lộc. |
| 653 | # | # | |a Di sản văn hóa |
| 653 | # | # | |a Múa dân tộc |
| 653 | # | # | |a Truyền thống dân tộc |
| 773 | # | # | |t Dân tộc và thời đại |g Số4(120), 2008, tr. 1-2 |
| 920 | # | # | |a Phòng Tạp chí -- Trung tâm Thông tin - Thư viện Trường Đại học Đà Lạt |
| 994 | # | # | |a DLU |
| 900 | # | # | |a True |
| 911 | # | # | |a Nguyễn Thị Linh Chi |
| 925 | # | # | |a G |
| 926 | # | # | |a A |
| 927 | # | # | |a BB |
| 980 | # | # | |a Thư viện Trường Đại học Đà Lạt |